Imagine Dragons - Night Visions - Statistics

General Stats
  • This quiz has been taken 467 times
  • The average score is 13 of 21
Answer Stats
Answer % Correct
Radioactive
96%
Demons
93%
It's Time
85%
On Top Of The World
82%
Amsterdam
80%
Tiptoe
78%
Nothing Left To Say/Rocks
74%
Bleeding Out
71%
Hear Me
65%
Underdog
63%
Working Man
58%
Every Night
55%
America
53%
Cha Ching / Till We Grow Older
52%
Selene
52%
Round And Round
51%
The River
45%
My Fault
42%
Fallen
41%
Cover Up
34%
I Don't Mind
31%
No matching quizzes found
Score Distribution
Percent of People with Each Score
Percentile by Number Answered
Your Score History
You have not taken this quiz